[Event "25th European Teams Women"]
[Site "Batumi GEO"]
[Date "2025.10.05"]
[Round "1.11"]
[Board "2"]
[White "Baginskaite, Kamile"]
[Black "Velikic, Adela"]
[Result "0-1"]
[WhiteTitle "WGM"]
[BlackTitle "WIM"]
[WhiteElo "2158"]
[BlackElo "2261"]
[WhiteTeam "Lithuania"]
[BlackTeam "Serbia"]
[WhiteFideId "2014599"]
[BlackFideId "913553"]
[EventDate "2025.10.05"]

1. d4 Nf6 2. c4 e6 3. Nc3 Bb4 4. Qb3 c5 5. dxc5 Nc6 6. Nf3 Ne4 7. Bd2 Nxd2 8.
Nxd2 Bxc5 9. e3 b6 10. Be2 Bb7 11. O-O f5 12. Na4 Qe7 13. Nxc5 Qxc5 14. Qc3 Qe5
15. Rac1 Qxc3 16. Rxc3 d6 17. f4 Ke7 18. Rf3 g6 19. e4 fxe4 20. Nxe4 Nd4 21.
Rfe3 Nf5 22. Ng5 Nxe3 23. Rxe3 e5 24. fxe5 dxe5 25. Bf3 Bxf3 26. Nxf3 Kf6 27.
Nxe5 Rhe8 28. Nd7+ Kg7 29. Kf2 Rxe3 30. Kxe3 Re8+ 31. Kf3 Kf7 32. c5 Ke6 33. c6
Kd6 34. g4 g5 35. Kg3 Re3+ 36. Kf2 Re7 37. Kg3 Kxc6 38. Nf6 h6 39. h4 Re6 40.
hxg5 hxg5 41. Nh7 Re5 42. Kf3 Kd5 43. Nf6+ Kd4 0-1

[Event "25th European Teams Women"]
[Site "Batumi GEO"]
[Date "2025.10.05"]
[Round "1.11"]
[Board "3"]
[White "Mehmed, Elif"]
[Black "Limontaite, Simona"]
[Result "1/2-1/2"]
[WhiteTitle "WGM"]
[BlackTitle "WIM"]
[WhiteElo "2295"]
[BlackElo "2151"]
[WhiteTeam "Serbia"]
[BlackTeam "Lithuania"]
[WhiteFideId "2921103"]
[BlackFideId "12802506"]
[EventDate "2025.10.05"]

1. e4 c5 2. Nf3 Nc6 3. d4 cxd4 4. Nxd4 Nf6 5. Nc3 e5 6. Ndb5 d6 7. Nd5 Nxd5 8.
exd5 Nb8 9. a4 Be7 10. Be2 O-O 11. O-O Nd7 12. Bd2 f5 13. a5 Nc5 14. b4 Ne4 15.
Be3 f4 16. Bxa7 Rxa7 17. f3 Ra8 18. fxe4 b6 19. Qd2 bxa5 20. bxa5 Ba6 21. c4 Qd7
22. h3 f3 23. Bxf3 Bxb5 24. cxb5 Qxb5 25. Rfb1 Qc5+ 26. Kh1 h6 27. a6 Bg5 28.
Qe2 Be3 29. Qb5 Qc3 30. Qb3 Qc5 31. Qa3 Ra7 32. Rb7 Rfa8 33. Rxa7 Rxa7 34. Qxc5
Bxc5 35. Be2 Kf8 36. Bb5 Rf7 37. Bc6 Ba7 38. Rb1 Rc7 39. Kh2 Rf7 40. Kg3 g6 41.
h4 Kg7 42. Be8 Re7 43. Kg4 Kf6 44. Bc6 Rf7 45. g3 Re7 46. Bb5 Bc5 47. Bd3 Ba7
48. Rc1 Bc5 49. Bb5 Ra7 50. Rc2 Ra8 51. Ra2 Ra7 52. Bc6 Rc7 53. Rc2 Ba7 54. Kf3
Bb6 55. Ke2 Ba7 56. Kd3 g5 57. h5 g4 58. Rc1 Ke7 59. Kc4 Bf2 60. Kb5 Bd4 61. Rf1
Be3 62. Ra1 Ba7 63. Ka5 Bd4 64. Rb1 Ba7 65. Rb2 Kd8 66. Rh2 Rf7 67. Rh4 Rg7 68.
Bb5 Kc7 69. Be2 Bf2 70. Rh1 Kb8 71. Rb1+ Ka7 72. Rb3 Rc7 73. Bb5 Be1+ 74. Ka4
Rc3 75. Rb1 Bxg3 76. Be2 Rc7 77. Rg1 Rc3 78. Rb1 Rc7 79. Kb5 Bf2 80. Bxg4 Rc5+
81. Kb4 Kxa6 82. Be2+ 1/2-1/2

[Event "25th European Teams Women"]
[Site "Batumi GEO"]
[Date "2025.10.05"]
[Round "1.11"]
[Board "4"]
[White "Simkunaite, Gabija"]
[Black "Srdanovic, Jovana"]
[Result "1/2-1/2"]
[WhiteTitle "WFM"]
[BlackTitle "WIM"]
[WhiteElo "2009"]
[BlackElo "2198"]
[WhiteTeam "Lithuania"]
[BlackTeam "Serbia"]
[WhiteFideId "12808253"]
[BlackFideId "954810"]
[EventDate "2025.10.05"]

1. e4 c5 2. d4 cxd4 3. Qxd4 Nc6 4. Qd3 g6 5. Nf3 Bg7 6. c3 Nf6 7. Be2 d5 8. exd5
Nxd5 9. O-O Bf5 10. Qc4 Nb6 11. Qh4 h6 12. Rd1 Qc7 13. Na3 a6 14. Be3 g5 15. Qg3
Qxg3 16. hxg3 Na4 17. Nc4 b5 18. Nb6 Nxb6 19. Bxb6 Rb8 20. Bc5 O-O 21. Rd2 Rfc8
22. Rad1 Be6 23. Nd4 Nxd4 24. Bxd4 Bxa2 25. Ra1 Bc4 26. Bxg7 Kxg7 27. Bxc4 Rxc4
28. Rxa6 b4 29. cxb4 Rc1+ 30. Kh2 Rxb4 31. Ra7 Re1 32. Rad7 h5 33. f3 f5 34.
R7d4 Rb3 35. g4 hxg4 36. fxg4 f4 37. R4d3 Rxd3 38. Rxd3 Re2 39. Rb3 Kf6 40. Kg1
Rd2 41. Rb7 e6 42. b4 Rb2 43. b5 Ke5 44. b6 Kd4 45. Rb8 Ke3 46. b7 Rb1+ 47. Kh2
Kf2 48. Rg8 Rxb7 49. Rxg5 Rh7+ 50. Rh5 Rg7 51. Kh3 f3 52. gxf3 Kxf3 53. Rh6 Rxg4
54. Rxe6 1/2-1/2

[Event "25th European Teams Women"]
[Site "Batumi GEO"]
[Date "2025.10.05"]
[Round "1.12"]
[Board "1"]
[White "Ivekovic, Tihana"]
[Black "Houska, Jovanka"]
[Result "1/2-1/2"]
[WhiteTitle "WFM"]
[BlackTitle "IM"]
[WhiteElo "2078"]
[BlackElo "2342"]
[WhiteTeam "Croatia"]
[BlackTeam "England"]
[WhiteFideId "14517825"]
[BlackFideId "405094"]
[EventDate "2025.10.05"]

1. e4 c6 2. Nf3 d5 3. d3 g6 4. Nbd2 Bg7 5. g3 e5 6. Bg2 Ne7 7. O-O O-O 8. c3 b6
9. Re1 Nd7 10. b4 Bb7 11. Bb2 Qc7 12. Rc1 Rfe8 13. Qb3 Rad8 14. d4 b5 15. Nf1
Nc8 16. dxe5 Nxe5 17. Nxe5 Rxe5 18. exd5 cxd5 19. Rxe5 Qxe5 20. a4 a6 21. axb5
axb5 22. Ne3 Nb6 23. Rd1 h5 24. h4 Qe6 25. Qc2 Rd6 26. Qd3 Bc6 27. Nc2 Nc4 28.
Bc1 Qc8 29. Nd4 Bd7 30. Re1 Be5 31. Be3 Kg7 32. Ra1 Qc7 33. Re1 Kg8 34. Bc1 Qc8
35. Be3 Qc7 36. Bc1 Qa7 37. Be3 Qa2 38. Qe2 Qa3 39. Qd3 Qb2 40. Bc1 Qa2 41. Be3
Qa3 42. Bc1 Qa2 43. Be3 Qa3 1/2-1/2

[Event "25th European Teams Women"]
[Site "Batumi GEO"]
[Date "2025.10.05"]
[Round "1.12"]
[Board "2"]
[White "Hunt, Harriet V"]
[Black "Zagorac, Lara"]
[Result "1-0"]
[WhiteTitle "IM"]
[BlackTitle "WFM"]
[WhiteElo "2284"]
[BlackElo "2074"]
[WhiteTeam "England"]
[BlackTeam "Croatia"]
[WhiteFideId "403512"]
[BlackFideId "14580250"]
[EventDate "2025.10.05"]

1. Nf3 d5 2. b3 Nf6 3. Bb2 e6 4. e3 Bd6 5. c4 c5 6. Be2 Nc6 7. cxd5 exd5 8. O-O
Bf5 9. d4 Be4 10. Nbd2 O-O 11. dxc5 Bxc5 12. Nxe4 dxe4 13. Ng5 Qe7 14. Qb1 Rae8
15. Rd1 Bd6 16. a3 Be5 17. b4 h6 18. Nh3 Qe6 19. b5 Ne7 20. Bxe5 Qxe5 21. Nf4
Ned5 22. Nxd5 Nxd5 23. Rd4 Nc3 24. Qb2 Rc8 25. Bf1 Rc5 26. a4 Rfc8 27. Qb3 Qf6
28. Re1 b6 29. g3 Qe6 30. Qxe6 fxe6 31. Bh3 e5 32. Bxc8 exd4 33. Be6+ Kf8 34.
exd4 Rc7 35. Bb3 Rd7 36. Re3 Nb1 37. Rxe4 Nd2 38. Rf4+ Ke8 39. Bd1 g5 40. Bh5+
Kd8 41. Rf8+ Kc7 42. Rh8 Rxd4 43. Rh7+ Kb8 44. Rxh6 Rxa4 45. Rg6 Ne4 46. Bf3 Nd2
47. Kg2 Ra1 48. Bc6 Rc1 49. Rg8+ Kc7 50. Rg7+ 1-0

[Event "25th European Teams Women"]
[Site "Batumi GEO"]
[Date "2025.10.05"]
[Round "1.12"]
[Board "3"]
[White "Radikovic, Anamarija"]
[Black "Mirzoeva, Elmira"]
[Result "0-1"]
[WhiteTitle "WFM"]
[BlackTitle "WGM"]
[WhiteElo "2053"]
[BlackElo "2300"]
[WhiteTeam "Croatia"]
[BlackTeam "England"]
[WhiteFideId "14546264"]
[BlackFideId "4127951"]
[EventDate "2025.10.05"]

1. e4 d6 2. d4 Nf6 3. Nc3 e5 4. Nf3 Nbd7 5. h3 c6 6. g4 Be7 7. Bg2 b5 8. a3 Bb7
9. g5 Ng8 10. Be3 Qc7 11. Qe2 a5 12. d5 b4 13. dxc6 bxc3 14. cxb7 Rb8 15. O-O
cxb2 16. Rab1 Qxb7 17. Nd2 Rc8 18. Qd3 Nc5 19. Bxc5 Rxc5 20. Nb3 Rb5 21. Rxb2
Qb8 22. Qc4 Bxg5 23. Qc6+ Ke7 24. Nc5 Rxb2 25. Qd7+ Kf8 26. Na6 Qd8 0-1

[Event "25th European Teams Women"]
[Site "Batumi GEO"]
[Date "2025.10.05"]
[Round "1.12"]
[Board "4"]
[White "Sivanandan, Bodhana"]
[Black "Mihaljevic, Eva"]
[Result "1-0"]
[WhiteTitle "WFM"]
[WhiteElo "2205"]
[BlackElo "2041"]
[WhiteTeam "England"]
[BlackTeam "Croatia"]
[WhiteFideId "497592"]
[BlackFideId "14573016"]
[EventDate "2025.10.05"]

1. e4 c5 2. Nf3 e6 3. g3 Nc6 4. Bg2 Nf6 5. Nc3 d5 6. exd5 exd5 7. d4 cxd4 8.
Nxd4 Bg4 9. Nde2 Bb4 10. O-O Bxc3 11. bxc3 O-O 12. h3 Bf5 13. Rb1 Qd7 14. Nf4
Rfe8 15. Nxd5 Nxd5 16. Qxd5 Qxd5 17. Bxd5 Bxh3 18. Rd1 Rad8 19. Bg5 Rd7 20. Rxb7
Rxb7 21. Bxc6 Rbb8 22. Bxe8 Rxe8 23. Be3 Bg4 24. Rb1 a6 25. Kg2 Be6 26. a3 Bd5+
27. Kf1 h5 28. Rb4 Be4 29. Rb2 Rc8 30. Bd4 Re8 31. Be3 Rc8 32. Bd2 f6 33. f4 Rc5
34. Ke2 Bc6 35. Kd3 Rd5+ 36. Ke3 Bb5 37. Rb4 Rd6 38. c4 Bd7 39. Rb8+ Kf7 40. c5
Rd5 41. Rb7 Ke6 42. Rc7 Bb5 43. Bb4 g5 44. c6 gxf4+ 45. gxf4 Kf5 46. Rc8 a5 47.
c7 Ba6 48. Ra8 axb4 49. Rxa6 Rc5 50. Ra5 1-0

[Event "25th European Teams Women"]
[Site "Batumi GEO"]
[Date "2025.10.05"]
[Round "1.13"]
[Board "1"]
[White "Gaal, Zsoka"]
[Black "Pipiras, Filipa Fortuna"]
[Result "0-1"]
[WhiteTitle "WGM"]
[BlackTitle "FM"]
[WhiteElo "2395"]
[BlackElo "2273"]
[WhiteTeam "Hungary"]
[BlackTeam "Portugal"]
[WhiteFideId "777765"]
[BlackFideId "1944894"]
[EventDate "2025.10.05"]

1. Nf3 d5 2. c4 d4 3. b4 c5 4. e3 dxe3 5. fxe3 cxb4 6. a3 bxa3 7. Bxa3 Nf6 8.
Nc3 g6 9. d4 Bg7 10. Bd3 O-O 11. Rb1 Nc6 12. O-O b6 13. Qe1 Re8 14. d5 Bg4 15.
Qh4 Bxf3 16. gxf3 e6 17. d6 Nd7 18. Qxd8 Rexd8 19. Nb5 Rac8 20. Be4 f5 21. Bxc6
Rxc6 22. Nxa7 Rxc4 23. Rfc1 Rxc1+ 24. Rxc1 Nc5 25. Rd1 Rd7 26. Nc8 Bf8 27. Rd4
e5 28. Rd5 Kf7 29. f4 exf4 30. exf4 Rd8 31. Bxc5 bxc5 32. d7 Ke6 33. Nb6 Bd6 34.
Rd1 Bxf4 35. Re1+ Kf7 36. Rd1 Bc7 37. Na4 Ke7 38. Re1+ Kd6 39. Kg2 Rxd7 40. Rc1
Ke7 41. Rxc5 Rd2+ 42. Kf3 Bxh2 43. Nc3 Bd6 0-1

[Event "25th European Teams Women"]
[Site "Batumi GEO"]
[Date "2025.10.05"]
[Round "1.13"]
[Board "2"]
[White "Silva, Mariana"]
[Black "Nomin-Erdene, Davaademberel"]
[Result "0-1"]
[WhiteTitle "WFM"]
[BlackTitle "IM"]
[WhiteElo "2090"]
[BlackElo "2306"]
[WhiteTeam "Portugal"]
[BlackTeam "Hungary"]
[WhiteFideId "1911899"]
[BlackFideId "4900782"]
[EventDate "2025.10.05"]

1. d4 d5 2. c4 e6 3. Nc3 c6 4. e4 Bb4 5. cxd5 exd5 6. e5 c5 7. Nf3 Nc6 8. a3 Ba5
9. Bb5 Bxc3+ 10. bxc3 Qa5 11. Qb3 cxd4 12. Nxd4 Ne7 13. O-O O-O 14. Bg5 h6 15.
Bh4 Nxd4 16. cxd4 Nf5 17. Bg3 Nxd4 18. Qxd5 Rd8 19. Qc5 Qxb5 0-1

[Event "25th European Teams Women"]
[Site "Batumi GEO"]
[Date "2025.10.05"]
[Round "1.13"]
[Board "3"]
[White "Terbe, Julianna"]
[Black "Avelino, Camila Biscaya"]
[Result "1-0"]
[WhiteTitle "WIM"]
[BlackTitle "WFM"]
[WhiteElo "2206"]
[BlackElo "1942"]
[WhiteTeam "Hungary"]
[BlackTeam "Portugal"]
[WhiteFideId "708780"]
[BlackFideId "1938975"]
[EventDate "2025.10.05"]

1. d4 Nf6 2. c4 g6 3. Nc3 Bg7 4. e4 d6 5. Be2 O-O 6. Bg5 Nbd7 7. Qd2 e5 8. d5
Nc5 9. f3 h6 10. Be3 Nh5 11. g3 Kh7 12. O-O-O a5 13. Bxc5 dxc5 14. f4 Nf6 15.
Nf3 Ng4 16. Rdf1 f5 17. h3 Nf6 18. exf5 Bxf5 19. Nxe5 Ne4 20. Nxe4 Bxe4 21. Bf3
Bxf3 22. Nxf3 Qe8 23. Qd3 b5 24. cxb5 c4 25. Qxc4 Qe3+ 26. Kb1 a4 27. a3 c6 28.
dxc6 Rad8 29. Rh2 Rd3 30. c7 Rb3 31. Re2 Qb6 32. c8=Q Rxc8 33. Qxc8 Qxb5 34.
Rff2 Rxf3 35. Rxf3 Qxe2 36. Rc3 Bxc3 37. Qxc3 Qd1+ 38. Qc1 Qd3+ 39. Ka1 Qxg3 40.
Qc7+ Kg8 41. Qd8+ Kg7 42. Qd7+ Kg8 43. f5 gxf5 44. Qxf5 Qg1+ 45. Ka2 Qb6 46.
Qg4+ Kh7 47. Qxa4 Kg7 48. Qg4+ Kf7 49. Qc4+ Ke8 50. a4 Kd8 51. h4 Qg6 52. Qd5+
Kc8 53. h5 Qg4 54. Kb3 Kb8 55. Qb5+ Ka8 56. Qa5+ 1-0

[Event "25th European Teams Women"]
[Site "Batumi GEO"]
[Date "2025.10.05"]
[Round "1.13"]
[Board "4"]
[White "Valente, Sofia"]
[Black "Karacsonyi, Kata"]
[Result "0-1"]
[WhiteTitle "WCM"]
[BlackTitle "WFM"]
[WhiteElo "1927"]
[BlackElo "2195"]
[WhiteTeam "Portugal"]
[BlackTeam "Hungary"]
[WhiteFideId "1953494"]
[BlackFideId "769584"]
[EventDate "2025.10.05"]

1. d4 Nf6 2. c4 c5 3. d5 b5 4. cxb5 a6 5. bxa6 e6 6. Nc3 exd5 7. Nxd5 Be7 8.
Nxf6+ Bxf6 9. Qd5 Nc6 10. e3 O-O 11. Nf3 Qb6 12. Bd3 Nb4 13. Bxh7+ Kxh7 14. Qxa8
Bxa6 15. Qxf8 Qb5 16. Ng1 Qf1+ 17. Kd2 Qd3+ 18. Ke1 Nc2# 0-1

[Event "25th European Teams Women"]
[Site "Batumi GEO"]
[Date "2025.10.05"]
[Round "1.14"]
[Board "1"]
[White "Ptacnikova, Lenka"]
[Black "Tsolakidou, Stavroula"]
[Result "1/2-1/2"]
[WhiteTitle "WGM"]
[BlackTitle "IM"]
[WhiteElo "2167"]
[BlackElo "2453"]
[WhiteTeam "Iceland"]
[BlackTeam "Greece"]
[WhiteFideId "305650"]
[BlackFideId "4264312"]
[EventDate "2025.10.05"]

1. Nf3 d5 2. e3 Nf6 3. c4 e6 4. Nc3 Bd6 5. b3 O-O 6. Bb2 Re8 7. Be2 dxc4 8. bxc4
e5 9. Nb5 Nc6 10. Nxd6 Qxd6 11. O-O Bg4 12. d3 Rad8 13. Qa4 Bh5 14. Rfd1 Nd7 15.
Ba3 Qf6 16. Qb5 b6 17. Rac1 a6 18. Qa4 Nc5 19. Bxc5 bxc5 20. Rb1 Re6 21. Rb7
Red6 22. Rxc7 e4 23. Nd4 Bxe2 24. Nxe2 exd3 25. Nf4 Nb4 26. Rxc5 Qc3 27. Nd5 Qc2
28. Qb3 Nxd5 29. Rxd5 Rxd5 30. cxd5 Qxb3 31. axb3 Rxd5 32. Kf1 Kf8 33. Ke1 Ke7
34. Kd2 Rh5 35. h3 Rg5 36. g4 h5 37. f3 hxg4 38. hxg4 f5 39. gxf5 Rxf5 40. f4
Rb5 41. Kc3 g5 42. Rxd3 gxf4 43. exf4 a5 44. Rf3 Ke6 45. f5+ Rxf5 46. Rxf5 Kxf5
47. Kc4 a4 48. b4 Ke6 49. b5 Kd6 50. Kb4 Kc7 51. Kxa4 Kb6 52. Kb4 Kb7 53. Kc5 1/2-1/2

[Event "25th European Teams Women"]
[Site "Batumi GEO"]
[Date "2025.10.05"]
[Round "1.14"]
[Board "2"]
[White "Pavlidou, Ekaterini"]
[Black "Thorsteinsdottir, Hallgerdur"]
[Result "0-1"]
[WhiteTitle "WIM"]
[BlackTitle "WFM"]
[WhiteElo "2217"]
[BlackElo "2031"]
[WhiteTeam "Greece"]
[BlackTeam "Iceland"]
[WhiteFideId "4213262"]
[BlackFideId "2302454"]
[EventDate "2025.10.05"]

1. d4 Nf6 2. c4 e6 3. Nc3 Bb4 4. e3 O-O 5. Ne2 d5 6. a3 Be7 7. cxd5 exd5 8. g3
Bg4 9. Bg2 c6 10. h3 Bh5 11. g4 Bg6 12. Nf4 Bd6 13. Nce2 Re8 14. O-O Nbd7 15.
Bd2 Nf8 16. Rc1 Ne4 17. Be1 Bc7 18. b3 a5 19. a4 f6 20. f3 Nd6 21. Bf2 Bf7 22.
Qc2 Ne6 23. Nxe6 Rxe6 24. Nf4 Re7 25. Rfe1 Qd7 26. Bf1 Rae8 27. Bd3 g6 28. Re2
Kg7 29. Rce1 Nc8 30. h4 g5 31. Ng2 h5 32. Bf5 Qd6 33. f4 hxg4 34. Bg3 Rh8 35.
Qd2 Be6 36. Bc2 Ree8 37. e4 dxe4 38. Rxe4 Bd7 39. Rxe8 Rxe8 40. Rxe8 Bxe8 41.
Qd3 Ne7 42. Qh7+ Kf8 43. Qh6+ Kf7 44. hxg5 Qxd4+ 45. Bf2 Qa1+ 46. Kh2 fxg5 47.
Qh5+ Kf8 48. Qxg5 Qg7 49. Qc5 Qh6+ 50. Kg1 b6 51. Qc4 Bf7 52. Qe2 Bh5 53. Bh4
Nd5 54. Bg5 Qd6 55. Qe4 g3 56. Qf5+ Bf7 57. Qc8+ Kg7 58. Nh4 Ne3 59. Nf5+ Nxf5
60. Qxf5 Qd4+ 61. Kg2 Qf2+ 0-1

[Event "25th European Teams Women"]
[Site "Batumi GEO"]
[Date "2025.10.05"]
[Round "1.14"]
[Board "3"]
[White "Briem, Gudrun Fanney"]
[Black "Christodoulaki, Antonia"]
[Result "1/2-1/2"]
[WhiteTitle "WCM"]
[BlackTitle "WFM"]
[WhiteElo "1981"]
[BlackElo "2171"]
[WhiteTeam "Iceland"]
[BlackTeam "Greece"]
[WhiteFideId "2317486"]
[BlackFideId "4214935"]
[EventDate "2025.10.05"]

1. e4 e6 2. d4 d5 3. exd5 exd5 4. Nf3 Nf6 5. Bd3 c5 6. c3 Be7 7. h3 O-O 8. O-O
Nc6 9. dxc5 Bxc5 10. Nbd2 Bb6 11. Nb3 Qd6 12. Nbd4 Ne4 13. Be3 Qf6 14. Qe2 Nc5
15. Bg5 Qd6 16. Nb5 Qd7 17. Rfe1 Ne6 18. Be3 Ba5 19. Rad1 a6 20. Nbd4 Nexd4 21.
Nxd4 Bc7 22. Bb1 Qd6 23. Nf3 Rd8 24. Qd3 g6 25. Bg5 f6 26. Bh4 Bf5 27. Qd2 Bxb1
28. Rxb1 Bb6 29. Nd4 Bxd4 30. cxd4 Re8 31. Bg3 Qb4 32. Qxb4 Nxb4 33. Kf1 Nxa2
34. Bd6 a5 35. Rxe8+ Rxe8 36. Ra1 Nb4 37. Bxb4 axb4 38. Ra4 Kf7 39. Rxb4 Re7 40.
Rb5 Rd7 41. Ke2 f5 42. Rb6 Ke7 43. Kf3 Kf7 44. Kf4 Re7 45. f3 h6 46. g4 fxg4 47.
hxg4 Re6 48. Rxb7+ Kf6 49. g5+ hxg5+ 50. Kg4 Rc6 51. b3 Rc3 52. Rb6+ Kf7 53. Rb5
Rd3 54. Rxd5 Rxb3 55. Re5 Kf6 56. Ra5 Rd3 57. Ra6+ Kf7 58. Rd6 Re3 59. d5 Rd3
60. Rd7+ Kf6 61. Rd6+ Kf7 62. Rd7+ Kf6 63. Rd6+ Kf7 64. Rd7+ Kf6 65. Rd6+ Kf7
66. Rd7+ Kf6 67. Rd6+ Kf7 1/2-1/2

[Event "25th European Teams Women"]
[Site "Batumi GEO"]
[Date "2025.10.05"]
[Round "1.14"]
[Board "4"]
[White "Grapsa, Georgia"]
[Black "Helgadottir, Idunn"]
[Result "1-0"]
[WhiteTitle "WFM"]
[BlackTitle "WCM"]
[WhiteElo "2086"]
[BlackElo "1874"]
[WhiteTeam "Greece"]
[BlackTeam "Iceland"]
[WhiteFideId "4206436"]
[BlackFideId "2314118"]
[EventDate "2025.10.05"]

1. d4 Nf6 2. Nf3 e6 3. c4 d5 4. g3 Nbd7 5. Bg2 dxc4 6. a4 Bb4+ 7. Bd2 a5 8. O-O
O-O 9. Qc2 c6 10. Qxc4 Nb6 11. Qc2 Bxd2 12. Nbxd2 Nbd5 13. e4 Nb4 14. Qc3 b5 15.
Ne5 Qb6 16. Rfc1 Ba6 17. Nb3 bxa4 18. Nc5 Bb5 19. Ned7 Nxd7 20. Nxd7 Qa7 21.
Nxf8 Rxf8 22. Rd1 h6 23. b3 a3 24. Rxa3 Qb6 25. Qc5 Qxc5 26. dxc5 Nd3 27. Rxa5
Nxc5 28. b4 Na6 29. Rb1 Rb8 30. Bf1 Bxf1 31. Kxf1 Nxb4 32. Rc5 Kf8 33. Rc4 Na6
34. Rxb8+ Nxb8 35. e5 Ke7 36. Ke2 Nd7 37. f4 c5 38. Ke3 Kd8 39. Ra4 Nb6 40. Ra7
Nd7 41. Ra8+ Ke7 42. Rc8 f6 43. Ke4 Kf7 44. Rc7 Ke7 45. exf6+ gxf6 46. Rc8 Kd6
47. Rh8 f5+ 48. Kd3 Nf6 49. Rxh6 Ne4 50. Rh8 Kd5 51. Rd8+ Kc6 52. h4 Nxg3 53.
Rg8 Nh5 54. Ke3 Kd5 55. Rh8 Nf6 56. h5 c4 57. h6 Ng4+ 58. Kf3 Nxh6 59. Rxh6 c3
60. Ke3 c2 61. Kd2 Ke4 62. Rxe6+ Kxf4 63. Kxc2 Kf3 64. Kd2 1-0

[Event "25th European Teams Women"]
[Site "Batumi GEO"]
[Date "2025.10.05"]
[Round "1.15"]
[Board "1"]
[White "Van Foreest, Machteld"]
[Black "Zvereva, Marija"]
[Result "1-0"]
[WhiteTitle "FM"]
[BlackTitle "WIM"]
[WhiteElo "2314"]
[BlackElo "2003"]
[WhiteTeam "Netherlands"]
[BlackTeam "Monaco"]
[WhiteFideId "1051563"]
[BlackFideId "4121082"]
[EventDate "2025.10.05"]

1. e4 c5 2. Nf3 Nc6 3. Nc3 e5 4. Bc4 d6 5. d3 Be7 6. O-O Bg4 7. h3 Bh5 8. Nd5
Nf6 9. c3 O-O 10. g4 Bg6 11. Nxe7+ Qxe7 12. Bg5 Nd8 13. Nh4 Ne6 14. Bxe6 Qxe6
15. Nf5 d5 16. f3 Bxf5 17. gxf5 Qc6 18. Qe1 h6 19. Be3 c4 20. Kh2 cxd3 21. Rg1
Kh7 22. Qh4 Rg8 23. Rg2 Kh8 24. f4 exf4 25. Bd4 Nxe4 26. Rg6 Qxg6 27. fxg6 f6
28. Rd1 d2 29. Qxf4 Rge8 30. Be3 Re5 31. Bxd2 Rh5 32. Qg4 Re5 33. Bf4 h5 34. Qd7
Ree8 35. Rxd5 1-0

[Event "25th European Teams Women"]
[Site "Batumi GEO"]
[Date "2025.10.05"]
[Round "1.15"]
[Board "2"]
[White "Ince, Safiye Oyku"]
[Black "Kazarian, Anna-Maja"]
[Result "0-1"]
[WhiteTitle "WCM"]
[BlackTitle "FM"]
[WhiteElo "1998"]
[BlackElo "2244"]
[WhiteTeam "Monaco"]
[BlackTeam "Netherlands"]
[WhiteFideId "6391222"]
[BlackFideId "1033689"]
[EventDate "2025.10.05"]

1. e4 e6 2. d4 d5 3. Nd2 c5 4. exd5 Qxd5 5. Ngf3 cxd4 6. Bc4 Qd6 7. O-O Nf6 8.
Nb3 Nc6 9. Nbxd4 Nxd4 10. Nxd4 a6 11. Re1 Qc7 12. Bf1 Bd7 13. Qf3 Bd6 14. h3 O-O
15. Bg5 Be5 16. Rad1 h6 17. Bh4 Rfd8 18. c3 Be8 19. Re3 Rd5 20. Bd3 Rad8 21. b3
b5 22. Be4 R5d7 23. Rde1 g5 24. Bb1 Bf4 25. Bg3 Rd5 26. h4 b4 27. hxg5 hxg5 28.
Ne2 e5 29. Nxf4 exf4 30. Rxe8+ Nxe8 31. Qh5 Nf6 32. Qh6 Qxc3 0-1

[Event "25th European Teams Women"]
[Site "Batumi GEO"]
[Date "2025.10.05"]
[Round "1.15"]
[Board "3"]
[White "Bensdorp-De Labaca, Marlies"]
[Black "Dubois, Martine"]
[Result "1-0"]
[WhiteTitle "WIM"]
[BlackTitle "WIM"]
[WhiteElo "2215"]
[BlackElo "1891"]
[WhiteTeam "Netherlands"]
[BlackTeam "Monaco"]
[WhiteFideId "1009311"]
[BlackFideId "601926"]
[EventDate "2025.10.05"]

1. d4 d5 2. c4 dxc4 3. e3 Nf6 4. Bxc4 e6 5. Nf3 c5 6. O-O a6 7. Nbd2 Nc6 8. dxc5
Bxc5 9. a3 b5 10. Be2 Bb7 11. b4 Be7 12. Bb2 O-O 13. Rc1 Qb6 14. Qc2 Rac8 15.
Qb1 Qa7 16. Nb3 Nd7 17. Qa1 Bf6 18. Bxf6 Nxf6 19. Nc5 Ba8 20. Rfd1 Rfd8 21. Qb1
h6 22. h3 Ne7 23. Ne5 Ned5 24. Qb2 Nb6 25. Rd2 Rxd2 26. Qxd2 Bd5 27. Bd3 Rd8 28.
Qe2 Qa8 29. e4 Bb7 30. Qe3 Nbd7 31. Nxb7 Qxb7 32. Nc6 Ra8 33. Qf4 Nf8 34. Qd6
Kh8 35. e5 N6d7 36. Be4 Rc8 37. Qe7 Rc7 38. Qxf7 Qc8 39. Qf4 Nb6 40. Rc2 Nc4 41.
Rc3 Rxc6 42. Bxc6 Ng6 43. Qf7 Qxc6 44. Qxg6 Qd5 45. Rd3 1-0

[Event "25th European Teams Women"]
[Site "Batumi GEO"]
[Date "2025.10.05"]
[Round "1.15"]
[Board "4"]
[White "Berezovska, Svetlana"]
[Black "Duson, Robin"]
[Result "0-1"]
[WhiteTitle "WCM"]
[WhiteElo "1874"]
[BlackElo "2188"]
[WhiteTeam "Monaco"]
[BlackTeam "Netherlands"]
[WhiteFideId "5400740"]
[BlackFideId "1055038"]
[EventDate "2025.10.05"]

1. e4 e5 2. Nf3 Nc6 3. Nc3 Nf6 4. d4 exd4 5. Nxd4 Bb4 6. Nxc6 bxc6 7. Bd3 d5 8.
exd5 cxd5 9. O-O O-O 10. Bg5 Be6 11. Qf3 h6 12. Bxf6 Qxf6 13. Qxf6 gxf6 14. Nb5
c5 15. Nc7 Rac8 16. Nxe6 fxe6 17. c3 Ba5 18. Rfe1 Kf7 19. Re2 c4 20. Bc2 Rb8 21.
Rb1 Rb7 22. Rd1 Rfb8 23. Rdd2 Rxb2 24. Bg6+ Kxg6 25. Rxb2 Rxb2 26. Rxb2 Bxc3 27.
Rb7 Bd4 28. Kf1 Kf5 29. Ke2 Bb6 30. f3 Ke5 31. Rh7 d4 32. Rxh6 d3+ 33. Kd1 c3
34. f4+ Ke4 35. Rh3 Be3 0-1

[Event "25th European Teams Women"]
[Site "Batumi GEO"]
[Date "2025.10.05"]
[Round "1.16"]
[Board "1"]
[White "Valcu, Lavinia"]
[Black "Atalik, Ekaterina"]
[Result "1/2-1/2"]
[BlackTitle "IM"]
[WhiteElo "2223"]
[BlackElo "2357"]
[WhiteTeam "Sweden"]
[BlackTeam "Turkiye"]
[WhiteFideId "1752197"]
[BlackFideId "4130189"]
[EventDate "2025.10.05"]

1. e4 c6 2. d4 d5 3. f3 Qb6 4. Nc3 dxe4 5. Bc4 Nf6 6. fxe4 e5 7. dxe5 Ng4 8. Qe2
Nxe5 9. Bb3 Bg4 10. Nf3 Nbd7 11. Bd2 O-O-O 12. O-O-O Bb4 13. h3 Bh5 14. g4 Nxf3
15. Qxf3 Bg6 16. Be3 Qa5 17. Bd4 f6 18. a3 Bc5 19. Ne2 Bxd4 20. Nxd4 Ne5 21. Qf4
Qc5 22. Ne6 Rxd1+ 23. Rxd1 Qe7 24. g5 Bf7 25. Qf5 Bxe6 26. Qxe6+ Qxe6 27. Bxe6+
Kc7 28. gxf6 gxf6 29. Bf5 h5 30. Rg1 b5 31. b3 a5 32. Kb2 Kb6 33. Rg7 Kc5 34.
Ra7 Kb6 35. Rg7 Kc5 36. Ra7 Kb6 1/2-1/2